Statistiken für Geographie nach Buchstabe - M

Klicken Sie hier um das Quiz zu spielen!

Allgemein

  • Dieses Quiz wurde 2.994 mal gespielt
  • Das Durchschnittsergebnis liegt bei 14 aus 24

Antwortstatistiken

HinweisAntwort% Korrekt
Heiligste Stadt des IslamsMekka
96%
Der südliche Nachbar der
Vereinigten Staaten
Mexiko
96%
Hauptstadt von WeißrusslandMinsk
89%
Drittgrößte englische StadtManchester
88%
Heimatland von Dschingis KhanMongolei
88%
Meistgesprochene Sprache der WeltMandarin
85%
Mediterrane InselnationMalta
80%
Größte Insel im Indischen OzeanMadagaskar
79%
Casablancas LandMarokko
78%
Tropische RegensaisonMonsun
76%
Größte Stadt in QuébecMontreal
71%
Indigenes Volk NeuseelandsMāori
65%
Antike Region zwischen dem
Euphrat und dem Tigris
Mesopotamien
51%
Fluss, der durch Indochina fließtMekong
50%
Stadt in Tennessee oder im
alten Ägypten
Memphis
50%
Chinas GlücksspielhauptstadtMacau
42%
US-Staat an der Chesapeake BayMaryland
40%
Ungarische EthnieMagyaren
38%
Englands "grosse Urkunde"Magna Carta
37%
Faschingsdienstag, welcher in
New Orleans gefeiert wird
Mardi Gras
34%
Seine Hauptstadt heißt WinnipegManitoba
32%
Der nordöstliche Teil ChinasMandschurei
29%
Wüste in SüdostkalifornienMojave
28%
Heilige der Letzten TageMormonen
24%

Verteilung der Resultate

Perzentil nach korrekt beantworteten Fragen

Anzahl Personen mit jedem Resultat

Ihre Resultats-Entwicklung

Sie haben dieses Quiz noch nicht gespielt